000 00574cam a2200229ua 4500
001 8975
005 20260515114417.0
008 150219n ii |||gr||||Z||||||asm
020 _a9789382750062
040 _cMAIN
041 _aasm
082 _a891.451
100 _aBorah, R.,
_eAuthor.
245 1 _aAsamiya sahityar chaneki
_cBy Rubi Borah
250 _a1st.
260 _aDibrugarh:
_bBanalata,
_c2013.
300 _a124p.
653 _aEast Indo-European & Celtic literatures
653 _aAssamese literature
700 _aGoswami, M.,
_eAuthor.
942 _cBK
999 _c8061
_d8061